Responses for Show #4514 - Thursday, April 1, 2004

Chris Miller game 1.

Contestants

[<< previous game]

Chris Miller, a retail specialist from Louisville, Kentucky

Sandi Hood, an academic outreach librarian from San Antonio, Texas

David Seminer, a neurologist from Sacramento, California (whose 2-day cash winnings total $52,601)

[next game >>]

Jeopardy! Round responses

HISTORIC CELEBRITY SCANDALS
TV SIDEKICKS
(Alex: You have to identify the sidekick.)
HERBS & SPICES
HOT SPOTS
BEST-SELLING U.S. NEWSPAPERS
COLORFUL LANGUAGE
(Alex: But language you can use on television.)
    $200 2
Lady Godiva

David
    $200 1
the Lone Ranger

Sandi
    $200 21
horseradish

Chris
    $200 16
Australia

Chris
    $200 26
USA Today

Chris
    $200 6
the black sheep

David
    $400 4
(David: Who is Lord Byron?)

Shelley

David
Triple Stumper
    $400 3
Gumby

Sandi
    $400 22
mint

Sandi
    $400 17
Seville

Sandi
    $400 27
The Wall Street Journal

Chris
    $400 7
green light

David
    $600 5
(Alex: Good, you're back on the plus side.)

Nero

David
    $600 11
Lenny

Sandi
    $600 23
(Alex: That's right, with a minute to go.)

curry

Chris
    $1,600 18
(Alex: Now, if you made this a True Daily Double and responded correctly, you'd be tucked in right between Chris and David in terms of score.)
(Sandi: Well, I'm gonna do it. I've always wanted it to do it. Let's make it a True Daily Double.)
...
(Sandi: What is Antarctica?)
(Alex: Be more specific.)
(Sandi: Little America?)

the South Pole

Sandi
    $600 28
L.A. & New York

Chris
    $600 8
true-blue

David
    $800 12
Joe Jackson

Chris
    $800 13
Dobie Gillis

Chris
    $800 24
cloves

Sandi
    $800 19
Argentina

Chris
    $800 29
Harrisburg

Chris
    $800 9
(Chris: What is a shy violet?)

a shrinking violet

DavidChris
    $1000 15
Ulysses S. Grant

Chris
    $1000 14
Xena, the Warrior Princess

David
    $1000 25
tarragon

David
    $1000 20
(David: What is Thule Air Force Base?)

Death Valley

DavidChris
    $1000 30
Honolulu

Chris
    $1000 10
Golden

Chris

Scores at the first commercial break (after clue 15):

David Sandi Chris
$3,400 $1,200 $2,800

Scores at the end of the Jeopardy! Round:

David Sandi Chris
$3,400 $1,200 $8,600

Double Jeopardy! Round responses

THEY REALLY SAID IT
SINGING
OREGON TRANSPLANTS
EDGAR ALLAN POE
THE "PIT"
THE PENDULUM
    $400 14
(Chris: Who are the San Antonio Spurs?)

the Dallas Mavericks

SandiChris
    $400 9
the diaphragm

Chris
    $400 15
Doc Severinsen

Chris
    $400 18
"The Raven"

Chris
    $400 1
a pit bull

Chris
    $400 6
a metronome

Chris
    $800 23
Dan Quayle

David
    $800 12
(Sandi: Who is Sullivan?)

Gilbert

DavidSandi
    $800 27
Matt Groening

Chris
    $800 19
Vincent Price

Chris
    $800 2
the pituitary

Chris
    $800 7
seismographs

Chris
    $1200 24
Charles de Gaulle

Chris
    $1200 13
a spiritual

David
    $1200 28
River Phoenix

Sandi
    $1200 20
"The Murders in the Rue Morgue"

Chris
    $1200 3
an epitaph

Chris
    $1200 8
Foucault

David
    $1600 25
(Alex: [*] is right; minute to go now.)

(Calvin) Coolidge

David
    $1600 16
an octave

Chris
    $1600 29
Howard Hesseman

David
    $1600 21
the Spanish Inquisition

Chris
    $1600 4
precipitation

Chris
    $4,000 10
(Alex: Well, young man, $16,200 is a lot of money.)
(Chris: Yes it is. Uh... I'll go $4,000.)
...
(Alex: Chris?)
(Chris: Who is da Vinci?)
(Alex: Ohhh, I thought you might pick da Vinci. You had to think of somebody Italian, somebody associated with science--[*].)

Galileo

Chris
    $3,000 26
[Alex reads "HQ" as "headquarters".]
(David: Who is...)
(Alex: Quick.)
(David: Lady Bird Johnson?)
...
(Alex: Remember, her husband, President Bush, was once head of the CIA.)

Barbara Bush

David
    $2000 17
contralto

Sandi
    $2000 30
(Alex: [*] and the famous "Fosbury Flop", that's correct.)

(Dick) Fosbury

Chris
    $2000 22
[No applause for Chris's run of the category]
(Alex: Well done.)

"The Masque of the Red Death"

Chris
    $2000 5
[Applause for Chris's run of the category]
(Alex: Hey, you know your "PIT"s; $14,600. You've built up a big lead.)

Pitcairn

Chris
    $2000 11
(Alex: [*], yes; plumb [*].)

a bob

Chris

Scores at the end of the Double Jeopardy! Round:

David Sandi Chris
$7,600 $4,000 $25,800
(lock game)

[wagering suggestions for these scores]

Final Jeopardy! Round responses

GOLF
(Alex: [To Sandi] No, sorry; the Masters does allow amateurs.)
SandiWhat is the Masters? [golf club drawing]
$1,000
DavidWhat is the PGA Championship?
$7,600
ChrisWhat is the PGA Championship?
$10,599
the PGA Championship (Professional Golfers' Association Championship)

Final scores:

David Sandi Chris
$15,200 $3,000 $36,399
2nd place: $2,000 3rd place: $1,000 New champion: $36,399

Game dynamics:

Coryat scores:

David Sandi Chris
$10,600 $5,600 $29,800
14 R,
3 W
(including 1 DD)
9 R,
2 W
(including 1 DD)
33 R,
3 W
(including 1 DD)

Combined Coryat: $46,000

[game clues] [game scores] [suggest correction]

Game tape date: 2004-01-21
The J! Archive is created by fans, for fans. Scraping, republication, monetization, and malicious use prohibited; this site may use cookies and collect identifying information. See terms. The Jeopardy! game show and all elements thereof, including but not limited to copyright and trademark thereto, are the property of Jeopardy Productions, Inc. and are protected under law. This website is not affiliated with, sponsored by, or operated by Jeopardy Productions, Inc. Join the discussion at JBoard.tv.